Nestacionarnyje processy v židkostjach i tverdych telach
Guardado en:
| Formato: | Libro |
|---|---|
| Lenguaje: | ruso |
| Publicado: |
Sverdlovsk :
UNC,
1983
|
| Etiquetas: |
Sin Etiquetas, Sea el primero en etiquetar este registro!
|
MARC
| LEADER | 00000nam a22000003a 4500 | ||
|---|---|---|---|
| 001 | stu39804 | ||
| 005 | 20141122022614.5 | ||
| 008 | 930309s1983----xxr-----------------rus-d | ||
| 040 | |a STU |b slo | ||
| 041 | 0 | |a rus | |
| 044 | |a xxr | ||
| 245 | |a Nestacionarnyje processy v židkostjach i tverdych telach | ||
| 260 | |a Sverdlovsk : |b UNC, |c 1983 | ||
| 300 | |a 131 s | ||
| 996 | |b 284M055309 |c M*7361-1 |l MMKN |s A |a 24 |w stu39804_0001 | ||